00161nam a2200073Ia 4500008004100000020000600041100001800047245002200065211105s9999 xx 000 0 und d a" aHeine, Mike  0aSpioen van harte